Using technology to enhance writing : innovative approaches to literacy instruction /

Bibliographic Details
Other Authors: Ferdig, Richard E. (Richard Eugene), Rasinski, Timothy V., Pytash, Kristine E., 1979-
Format: Book
Language:English
Published: Bloomington, IN : Solution Tree Press, 2014.
Subjects:

MARC

Tag First Indicator Second Indicator Subfields
LEADER 00000cam a22000004i 4500
001 in00003508721
005 20151206124959.0
008 140428s2014 inua b 001 0 eng
010 |a  2014015997 
020 |a 9781936764976 (perfect bound) 
020 |a 1936764970 (perfect bound) 
035 |a (OCoLC)ocn878953704 
035 |a (OCoLC)878953704 
040 |a DLC  |b eng  |e rda  |c DLC  |d YDXCP  |d BTCTA  |d BDX  |d OCLCF  |d OCLCO  |d UtOrBLW 
042 |a pcc 
049 |a TXAM 
050 0 0 |a LB1576.7  |b .U85 2014 
082 0 0 |a 808/.042071  |2 23 
245 0 0 |a Using technology to enhance writing :  |b innovative approaches to literacy instruction /  |c Editors: Richard E. Ferdig, Timothy V. Rasinski, Kristine E. Pytash [and 36 contributors]. 
264 1 |a Bloomington, IN :  |b Solution Tree Press,  |c 2014. 
300 |a xiv, 256 pages :  |b illustrations ;  |c 26 cm 
336 |a text  |b txt  |2 rdacontent 
337 |a unmediated  |b n  |2 rdamedia 
338 |a volume  |b nc  |2 rdacarrier 
504 |a Includes bibliographical references (pages 237-250) and index. 
650 0 |a English language  |x Composition and exercises  |x Study and teaching  |x Computer network resources. 
650 0 |a English language  |x Composition and exercises  |x Study and teaching  |x Computer-assisted instruction. 
650 7 |a English language  |x Composition and exercises  |x Study and teaching.  |2 fast  |0 (OCoLC)fst00911025 
650 7 |a English language  |x Composition and exercises  |x Study and teaching  |x Computer-assisted instruction.  |2 fast  |0 (OCoLC)fst00911028 
700 1 |a Ferdig, Richard E.  |q (Richard Eugene) 
700 1 |a Rasinski, Timothy V. 
700 1 |a Pytash, Kristine E.,  |d 1979- 
938 |a YBP Library Services  |b YANK  |n 11954935 
938 |a Baker and Taylor  |b BTCP  |n BK0015238393 
938 |a Brodart  |b BROD  |n 110684001 
947 |a A14840351210 
945 |a PromptCat  |b 6853 
946 |a stk 
948 |a Cataloged  |b h  |c 2014/12/18  |d c  |e LDuncan 
994 |a 92  |b TXA 
999 |a MARS 
999 f f |s 73c697cc-5b4c-3a51-94ac-a1be97569670  |i 55b504d2-065e-3cd0-9829-a5cefacf54f5  |t 0 
952 f f |p normal  |a Texas A&M University  |b College Station  |c Sterling C. Evans Library  |d Evans: Library Stacks  |t 0  |e LB1576.7 .U85 2014  |h Library of Congress classification  |i unmediated -- volume  |m A14840351210 
998 f f |a LB1576.7 .U85 2014  |t 0  |l Evans: Library Stacks